00174nam a2200073Ia 4500082001200000245002600012100002100038008004100059 aEJF BLA 0aElaine, you're a brat aBlackman Malorie210817s9999 xx 000 0 und d